Statistiken für Länder die Spanien schlagen

Klicken Sie hier um das Quiz zu spielen!

Allgemein

  • Dieses Quiz wurde 209 mal gespielt
  • Das Durchschnittsergebnis liegt bei 13 aus 18

Antwortstatistiken

RangKategorieLänder% Korrekt
4Südlichstes europäisches LandGriechenland | Italien | Malta
96%
4Meiste spanische MuttersprachlerMexiko | Kolumbien | Argentinien | Vereinigte Staaten
94%
4Europäisches Land mit der
längsten Mittelmeerküste
Griechenland | Italien | Kroatien
86%
2Größtes KolonialreichVereinigtes Königreich
84%
2Meiste internationale TouristenFrankreich
81%
4Bevölkerungsreichstes Land
in der Europäischen Union
Deutschland | Frankreich | Italien
80%
7Nördlichstes Land mit dem
Anfangsbuchstaben "S"
Schweden | Slowakei | Schweiz | Slowenien |
Serbien | San Marino
79%
2Größte WeinproduktionItalien
77%
3Land welches als letztes die
Philippinen besetzt hat
Vereinigte Staaten | Japan
75%
3Meiste UNESCO-WeltkulturerbenItalien | China
69%
8Besitzer von der Insel mit der
höchsten Erhebung
Indonesien | Papua-Neuguinea | Vereinigte Staaten |
Malaysia | Taiwan | Japan | Neuseeland
66%
3Bevölkerungsreichstes Land mit dem
Anfangsbuchstaben "S"
Südafrika | Südkorea
66%
4Ärmstes europäisches Land welches nie
kommunistisch war (2020, PPP)
Griechenland | Portugal | Italien
65%
6Landesflagge mit dem meisten gelbBrunei | Vatikanstadt | Ukraine | Kolumbien | Ecuador
62%
3Früheste Legalisierung von
gleichgeschlechtlicher Ehen
Niederlande | Belgien
61%
2Europäisches Land wessen Hauptstadt sich
am weitesten vom Meer oder einer
internationalen Grenze befindet
Russland
55%
8Meiste MeerwasserentsalzungSaudi-Arabien | Vereinigte Arabische Emirate |
Kasachstan | Algerien | Katar | Israel |
Vereinigte Staaten
49%
6Ursprung von der größten Nummer im Ausland
geborenen französischen Einwohner
Algerien | Marokko | Portugal | Italien |
Tunesien | Türkei
43%

Verteilung der Resultate

Perzentil nach korrekt beantworteten Fragen

Anzahl Personen mit jedem Resultat

Ihre Resultats-Entwicklung

Sie haben dieses Quiz noch nicht gespielt